Responses for Show #4524 - Thursday, April 15, 2004

Contestants

[<< previous game]

Mary Margaret Bell, an archivist from Louisville, Kentucky

Kevin Shortell, an attorney from Essex Junction, Vermont

Stan Brown, a high school history teacher from Macon, Georgia (whose 1-day cash winnings total $21,399)

[next game >>]

Jeopardy! Round responses

ALBERT CAMUS
THE STRANGER
THE PLAGUE
BANDS IN OTHER WORDS
SWEET TREATS
FOREIGN WORDS & PHRASES
    $200 16
Nobel Prize for Literature

Stan
    $200 11
Walt Whitman

Mary Margaret
    $200 1
fleas

Stan
    $200 4
Queen

Mary Margaret
    $200 26
danish

Kevin
    $200 21
(Stan: What is l'chaim?)

mazel tov

StanKevin
    $400 17
World War I

Stan
    $400 12
Strangers on a Train

Mary Margaret
    $400 2
antibiotics

Mary Margaret
    $400 5
Yes

Kevin
    $400 27
coins

Stan
    $400 22
prima donna

Kevin
    $600 18
Algeria

Stan
    $600 13
The Invisible Man

Stan
    $600 3
Colorado

Kevin
    $600 6
The Doors

Mary Margaret
    $600 28
s'mores

Kevin
    $2,000 23
grape

Kevin
    $800 19
Jean-Paul Sartre

Mary Margaret
    $800 14
David Blaine

Stan
    $800 9
(Mary Margaret: What is lymphatic?)

bubonic

StanMary Margaret
    $800 7
Nirvana

Stan
    $800 29
Krispy Kreme

Mary Margaret
    $800 24
(Kevin: What is land?)
....
(Alex: A minute to go now.)

mountain

Kevin
Triple Stumper
    $1000 20
Sisyphus

Stan
    $1000 15
Robert Heinlein

Stan
    $1000 10
Samuel Pepys

Stan
    $1000 8
Black Sabbath

Kevin
    $1000 30
Twinkies

Stan
    $1000 25
magnum opus

Mary Margaret

Scores at the first commercial break (after clue 15):

Stan Kevin Mary Margaret
$5,200 $2,000 $1,000

Scores at the end of the Jeopardy! Round:

Stan Kevin Mary Margaret
$8,600 $4,600 $3,600

Double Jeopardy! Round responses

HISTORIC AMERICANS
ON LOCATION
CLASSICAL MUSIC
SHIPS
A RIVER RUNS THROUGH IT
(Alex: You have to name the river.)
FUN IN THE "SON"
    $400 1
(George) McGovern

Stan
    $400 26
Mona Lisa Smile

Mary Margaret
    $400 7
The Nutcracker

Stan
    $400 6
the NiƱa

Mary Margaret
    $400 12
the Thames

Stan
    $400 17
sonnet

Kevin
    $800 2
John Foster Dulles

Kevin
    $800 27
Rome

Mary Margaret
    $800 20
(Giacomo) Puccini

Mary Margaret
    $800 8
(Mary Margaret: What is a U-boat?)
...
(Alex: It was a Soviet [*].)

submarine

StanMary Margaret
    $800 13
the Nile

Stan
    $800 18
sonar

Stan
    $2,000 3
(Kevin: What is the Library of Congress?)

The National Archives

Kevin
    $1200 28
Chitty Chitty Bang Bang

Mary Margaret
    $1200 21
Edvard Grieg

Mary Margaret
    $1200 9
(Kevin: What is the Titanic?)
(Stan: What is... the Mauretania?)
(Mary Margaret: What is the Olympic?)

the Britannia

StanKevinMary Margaret
Triple Stumper
    $1200 14
the Ganges

Kevin
    $1200 19
Stephen Sondheim

Mary Margaret
    $1600 4
John Marshall

Stan
    $1600 29
Dressed to Kill

Triple Stumper
    $1600 22
lieder

Stan
    $2,000 10
(Stan: Who are the... who are the Apollo astronauts?)
(Alex: Which ones?)
(Stan: Who are Neil Armstrong... I can't... Apollo 11? Apollo 11?)
(Alex: Okay, all right, that's good; we were really going for Apollo 11, but you started to name them, and I was going to give you a little leeway!)

the crew of Apollo 11

Stan
    $1600 15
the St. Lawrence

Kevin
    $1600 24
Sonora

Kevin
    $2000 5
J.E.B. Stuart

Kevin
    $2000 30
Montana

Mary Margaret
    $2000 23
(Alex: And we have about a minute left.)

(Hector) Berlioz

Stan
    $2000 11
(Stan: What is the Discovery?)

the Atlantis

Stan
Triple Stumper
    $2000 16
the Amazon

Triple Stumper
    $2000 25
the Sonoma Valley

Stan

Scores at the end of the Double Jeopardy! Round:

Stan Kevin Mary Margaret
$18,200 $9,000 $9,600

[wagering suggestions for these scores]

Final Jeopardy! Round responses

20th CENTURY BESTSELLERS
KevinWhat is 100 Years of Solitude?
$9,000
Mary MargaretWhat is House of the Spirits?
$9,599
StanWhat is 100 Years of Solitude?
$1,001
One Hundred Years of Solitude

Final scores:

Stan Kevin Mary Margaret
$19,201 $18,000 $1
2-day champion: $40,600 2nd place: $2,000 3rd place: $1,000

Game dynamics:

Coryat scores:

Stan Kevin Mary Margaret
$17,800 $9,600 $9,600
24 R
(including 1 DD),
3 W
14 R
(including 1 DD),
3 W
(including 1 DD)
16 R,
3 W

Combined Coryat: $37,000

[game clues] [game scores] [suggest correction]

Game tape date: 2004-01-28
The J! Archive is created by fans, for fans. Scraping, republication, monetization, and malicious use prohibited; this site may use cookies and collect identifying information. See terms. The Jeopardy! game show and all elements thereof, including but not limited to copyright and trademark thereto, are the property of Jeopardy Productions, Inc. and are protected under law. This website is not affiliated with, sponsored by, or operated by Jeopardy Productions, Inc. Join the discussion at JBoard.tv.